仙台六大学出身の現役選手(2026) - Statistics

General Stats
  • This quiz has been taken 8 times
  • The average score is 11 of 27
Answer Stats
大学名 現所属 ポジション 選手名 % Correct
仙台 DeNA 投手 馬場皐輔
83%
東北福祉 中日 投手 櫻井頼之介
67%
東北福祉 中日 内野手 新保茉良
67%
東北福祉 西武 投手 堀越啓太
67%
仙台 中日 内野手 辻本倫太郎
67%
仙台 広島 外野手 平川蓮
67%
東北福祉 阪神 捕手 長坂拳弥
50%
東北福祉 阪神 内野手 元山飛優
50%
東北福祉* 阪神 内野手 中野拓夢
50%
仙台 ソフトバンク 外野手 川村友斗
50%
仙台 オリックス 投手 宇田川優希
50%
仙台 オリックス 投手 渡邉一生
50%
東北福祉 中日 投手 三浦瑞樹
33%
東北福祉 ヤクルト 投手 山野太一
33%
東北福祉 ソフトバンク 投手 津森宥紀
33%
東北福祉 ソフトバンク 投手 大竹風雅
33%
東北福祉 オリックス 投手 椋木蓮
33%
東北福祉 オリックス 投手 入山海斗
33%
東北福祉 オリックス 外野手 杉澤龍
33%
東北学院 楽天 投手 岸孝之
33%
仙台 ソフトバンク 投手 大関友久
33%
東北福祉* ヤクルト 投手 石山泰稚
17%
東北福祉 ソフトバンク 外野手 生海
17%
東北福祉 ソフトバンク 外野手 漁府輝羽
17%
東北福祉 オリックス 内野手 大里昂生
17%
東北福祉* ロッテ 投手 八木彬
17%
仙台 ソフトバンク 投手 相原雄太
17%
No matching quizzes found
Score Distribution
Percent of People with Each Score
Percentile by Number Answered
Your Score History
You have not taken this quiz